00778nam a2200205Ia 4500003000900000008004100009040001600050080002600066110003300092245014000125260005000265300000800315500002800323650003600351650001800387650002100405942000700426999001500433952012400448IN-BaIIA211028s9999 xx 000 0 eng d cIIA Library a083.7:621.822.74bISI aIndian Standards Institution 0aIndian standard methods of evaluating static load rating of rolling bearingsbpt. 1, radial ball bearingscIndian Standards Institution aNew DelhibIndian Standards Institutionc1967 a5p. aIS 3823 : Part 1 : 1966 a Ball Bearings-Standards99131 a Standards  aNASA Thesaurus  cBK c5139d5139 00104070aBANbBANcGENd1976-12-22g5.00l0o083.7:621.822.74/ ISIp5739r2021-11-05v5.00w1976-12-22yBKGRs. 5.00